000 01200nam a22003497a 4500
003 CHAP
005 20220329143545.0
008 100524s2009 mx a r 00010 spa d
010 _a98499
011 _a99471
020 _c978-607-422-064-3
035 _a110157
040 _cCHAP
090 _aFolleto 17673
100 1 _aGutiérrez Liñan, José Luis.
_951746
245 1 0 _aManual para el cultivo de Paulownia Elongata
_c/por José Luis Gutiérrez Liñán y Raymundo Ocaña Delgado
260 _aToluca, Méx. :
_bUAEM,
_c2009
300 _a47 p.
590 _aBATCH-UPD
_b10
_c20130110
_lUCH01
_h1205
590 _aBATCH-UPD
_b10
_c20130410
_lUCH01
_h0746
590 _aBATCH-UPD
_b10
_c20130914
_lUCH01
_h1557
590 _aCONVERSION
_b10
_c20130109
_lUCH01
_h1354
650 1 4 _aÁrboles
_xClasificación.
_982435
650 1 4 _aÁrboles
_xVariedades.
_982441
650 1 4 _aPaulownia Elongata.
_986281
650 1 4 _aPlantación de árboles.
_988782
700 1 _aOcaña Delgado, Raymundo.
_982621
901 _aBK
942 _cFOLL
949 _aFolleto 17673
_bBC
_cFOLL
_d33724002161538
_eTS1
_gI.c/e
_i110157
_sb
949 _aFolleto 17673
_bBC
_cFOLL
_d33724002161579
_eTS2
_fc.2
_gI.c/e
_i110157
_si
999 _c98499
_d98499